Beisbol : (Registro nro. 10163)

Detalles MARC
000 -CABECERA
Longitud fija campo de control 00525nam a2200193 a 4500
003 - • IDENTIFICADOR DELl NÚMERO DE CONTROL
Identificador del número de control CO-ViMGA
008 - • CÓDIGOS DE INFORMACIÓN DE LONGITUD FIJA
Códigos de información de longitud fija 141112s2004 ck r 000 u spa d
040 ## - FUENTE DE LA CATALOGACIÓN
Centro catalogador de origen CO-ViMGA
Lengua de catalogación spa
Centro transcriptor CO-ViMGA
082 04 - • NÚMERO DE LA CLASIFICACIÓN DECIMAL DEWEY
Número de clasificación (R) R796.357 P373b
100 1# - • PUNTO DE ACCESO PRINCIPAL-NOMBRE DE PERSONA
Nombre de persona Perea, Rosero Tucidides
245 10 - • TITULO PROPIAMENTE DICHO
Título Beisbol :
Resto del título reglamentos deportivos ilustrados
250 ## - • MENCIÓN DE EDICIÓN
Mención de edición 3a
300 ## - • DESCRIPCIÓN FÍSICA
Extensión 232 p : il
590 ## - NOTAS LOCALES
Nota local Datos de inventario : 05462
650 14 - • PUNTO DE ACCESO ADICIONAL DE MATERIA - TÉRMINO DE MATERIA
Término de materia o nombre geográfico como elemento inicial BEISBOL
942 ## - ENTRADA DE ELEMENTOS AGREGADOS (KOHA)
Fuente de clasificaión o esquema Dewey Decimal Classification
Koha [por defecto] tipo de item LIbro
Existencias
Perdido Fuente de clasificación o esquema Estado Físico Restricciones de uso No para préstamo Forma de adquisición Localización permanente Localización actual Fecha adquisición Serie de enumeración / cronolog&íacute;a Préstamos totales Signatura completa Código de barras Fecha última consulta Número de copia Fecha del precio de reemplazo Tipo de item de Koha
  Dewey Decimal Classification       Sala General Biblioteca Barrio Porfia - Villavicencio Biblioteca Barrio Porfia - Villavicencio 12/04/2015 Volumen. 1 | 11/jun/2009   R796.357 P373b 69041 06/09/2017 Ej. 1 12/04/2015 LIbro
  Dewey Decimal Classification   Restricted Access Not For Loan Sala General Biblioteca Comunitaria - Villavicencio Biblioteca Comunitaria - Villavicencio 02/23/2016 vol.1   R796.357 P373b 29715 02/23/2016 Ej. 2 02/23/2016 LIbro
  Dewey Decimal Classification   Restricted Access Not For Loan Sala General Biblioteca Comunitaria - Villavicencio Biblioteca Comunitaria - Villavicencio 02/23/2016 vol.2   R796.357 P373b 5422 08/04/2017 Ej. 2 02/23/2016 LIbro
  Dewey Decimal Classification   Restricted Access Not For Loan Sala General Biblioteca Comunitaria - Villavicencio Biblioteca Comunitaria - Villavicencio 02/23/2016 vol.3   R796.357 P373b 5423 08/04/2017 Ej. 2 02/23/2016 LIbro
  Dewey Decimal Classification   Restricted Access Not For Loan Sala General Biblioteca Comunitaria - Villavicencio Biblioteca Comunitaria - Villavicencio 02/23/2016 vol.4   R796.357 P373b 5430 08/04/2017 Ej. 2 02/23/2016 LIbro
  Dewey Decimal Classification       Sala General Segundo Piso Biblioteca Pública Germán Arciniegas - Villavicencio Biblioteca Pública Germán Arciniegas - Villavicencio 12/04/2015 Volumen. 1 | 11/jun/2009   R796.357 P373b 6904 12/04/2015 Ej. 1 12/04/2015 LIbro









Instituto Departamental de Cultura del Meta - Red Departamental de Bibliotecas Públicas del Meta.